00933nam a2200229 a 450000100060000000300080000600500170001400800410003103500190007204000350009104100080012608200310013410000230016524501610018826000790034930000390042850200850046750400360055265000400058870000370062870000380066579407BD-RjUL20220613165904.0220217s2019eng |||a|||| m||| 00| 0 eng d a(BD-RjUL)79407 aBD-RjULbengcBD-RjULdBD-RjUL aeng a364.36095492bISI 2019223 aIslam, Md. Hamidul01aInfluence of Family Setting on Juvenile Delinquents in Bangladesh /cMd. Hamidul Islam ;6Supervisor: Md. Siddiqur Rahman ; Co-Supervisor: Md. Kamruzzaman,  aRajshahi :bInstitute of Bangladesh Studies, University of Rajshahi,c2019 axvii, 207 Leaves :bill. ;c29 cm. aThesis (Ph. D.) -- Institute of Bangladesh Studies, University of Rajshahi, 2019 aBibliography : Leaves [131]-152 aJuvenile delinquency zBangladesh.  aRahman, Md. Siddiqur, Supervisor aKamruzzaman, Md. , Co-Supervisor